1274 1488 1358 1318 1007 1960 1318 1684 1508 1837 1461 1857 1885 1319 1590 1652 1459 1397 1820 1551 1121 1648 1962 1369 1618 1505 1146 1694 1062 1403 1589 1517 1194 1865 1630 1840 1927 1190 1820 1358 1767 1517 1225 1944 1223 1941 1400 1860 1373 1607 1140 1754 1936 1956 1505 1193 1177 1183 1921 1691 1473 1956 1090 1467 1539 1466 1521 1747 1164 1212 1017 1941 1116 1598 1251 1181 1920 1597 1952 1473 1137 1170 1158 1116 1621 1993 1735 1834 1057 1889 1720 1032 1206 1650 1693 1649 1061 1489 1738 BCNSPRNW ULIB Ver.6.0+V

เปลี่ยนเป็นภาษาไทย

Change to English
 แสดงรายละเอียดบรรณานุกรม
  กลับหน้าหลัก

Brief Record : Get Marc (ISO 2709) : E-mail record : QR code < ปิดหน้าต่าง
LEADER : 00000nam 2200000uu 4500
001    13399124182
003     ULIB
008    150123s2556||||th 000 0 tha d
020    ^a9786167136592
050  4 ^aQC21^bก363ฟ
100 0  ^aกอบศิริ วรศรี
245 10 ^aฟิสิกส์สำหรับพยาบาล =^bPhysics for nurse /^cกอบศิริ วรศรี, มาลี สุทธิโอภาส
246 31 ^aPhysics for nurse
260    ^aกรุงเทพฯ :^bวิทยพัฒน์,^c2556
300    ^a274 หน้า :^bภาพประกอบ
650  7 ^aฟิสิกส์
700 0  ^aมาลี สุทธิโอภาส
945    ^p190^l0^i038858
945    ^p190^l0^i038859
945    ^p190^l0^i038860
945    ^p190^l0^i038861
945    ^p190^l0^i038862
999    ^aเกษร โพธิ์สุวรรณ
รายการนี้ยังไม่มีแท็ก
คุณยังไม่ได้ล็อกอิน คุณสามารถมีกิจกรรมร่วมกับเว็บไซต์ได้ แต่ต้องล็อกอินก่อน ::
  ล็อกอิน

รายการสื่อสารสนเทศ

ลำดับที่ ประเภท เลขเรียก/บาร์โค้ด สถานที่ สถานะ
1. วิทยาศาสตร์การแพทย์ และสุขภาพ
หนังสือสำรอง
สถานะ=หนังสือสำรอง
QC21 ก363ฟ ฉ.1 
  Barcode: 038858
ห้องสมุดวิทยาเขตสวรรค์ประชารักษ์
►หนังสือทั่วไป
บนชั้น
2. วิทยาศาสตร์การแพทย์ และสุขภาพ
วิทยาศาสตร์การแพทย์ และสุขภาพ
QC21 ก363ฟ ฉ.2 
  Barcode: 038859
ห้องสมุดวิทยาเขตสวรรค์ประชารักษ์
►หนังสือทั่วไป
บนชั้น
3. วิทยาศาสตร์การแพทย์ และสุขภาพ
วิทยาศาสตร์การแพทย์ และสุขภาพ
QC21 ก363ฟ ฉ.3 
  Barcode: 038860
ห้องสมุดวิทยาเขตสวรรค์ประชารักษ์
►หนังสือทั่วไป
บนชั้น
4. วิทยาศาสตร์การแพทย์ และสุขภาพ
วิทยาศาสตร์การแพทย์ และสุขภาพ
QC21 ก363ฟ ฉ.4 
  Barcode: 038861
ห้องสมุดวิทยาเขตสวรรค์ประชารักษ์
►หนังสือทั่วไป
บนชั้น
5. วิทยาศาสตร์การแพทย์ และสุขภาพ
วิทยาศาสตร์การแพทย์ และสุขภาพ
QC21 ก363ฟ ฉ.5 
  Barcode: 038862
ห้องสมุดวิทยาเขตสวรรค์ประชารักษ์
►หนังสือทั่วไป
บนชั้น

รายการใกล้เคียง
    ผู้แต่ง [กอบศิริ วรศรี]

    หัวเรื่อง [ฟิสิกส์]

BibComment


ยังไม่เคยถูกคอมเมนท์

คอมเมนท์ทรัพยากรรายการนี้
  คอมเมนท์: ฟิสิกส์สำหรับพยา..


 Copyright 2026. Bcnsprnw @Library